00779nam a2200241Ia 450000100060000000300090000600800410001504000130005604000130006904100130008210000270009510000290012224500360015124500360018725000110022326000100023426000150024426000490025930000410030850001330034965000240048265000310050633401IT-RoPAU130308s9999 xx 000 0 und d aIT-RoPAU cIT-RoPAU aITALIANO aStefanucci Piergiorgio gCodice Aut. SPICS: 14709 aMusica nella Grecia antica (La) bMusica nella Grecia Antica (La) a1a ed. aUDINE bCampanotto c1986 [1° Ed.:1986 - Ed.Ling.Originale:1986] a"38 p. (prefazione: no ; testo: 38)" aAspetti Generali della Musica Greca Grandi composizioni corali Apollinee Ditirambo Sacro a Dioniso notazione Arte Musicale Greca aSTORIA DELLA MUSICA eCodice materia Spics: 7008